LEADER 01140nam0 22002891i 450 001 SUN0046135 005 20140625025023.238 010 $a00-7137-001-3 100 $a20060608d2001 |0engc50 ba 101 $aeng 102 $aUS 105 $a|||| ||||| 200 1 $aLabview graphical programming$epractical applications in instrumentation and control$fGary W. Johnson, Richard Jennings 205 $a3. ed 210 $aNew York [etc.]$cMcGraw-Hill$d2001 215 $aXXIV, 773 p.$cill.$d24 cm$e1 CD-ROM. 620 $aUS$dNew York$3SUNL000011 676 $a006.66$v21 700 1$aJohnson$b, Gary W.$3SUNV036914$021855 701 1$aJennings$b, Richard$3SUNV036915$0277344 712 $aMcGraw Hill$3SUNV000135$4650 801 $aIT$bSOL$c20181109$gRICA 912 $aSUN0046135 950 $aUFFICIO DI BIBLIOTECA DEI DIPARTIMENTI DI INGEGNERIA$d05 CONS B II 334 $e05 4161 995 $aUFFICIO DI BIBLIOTECA DEI DIPARTIMENTI DI INGEGNERIA$bIT-CE0100$h4161$kCONS B II 334$oc$qa 996 $aLabview graphical programming$91421983 997 $aUNICAMPANIA LEADER 01147nam a22002771i 4500 001 991000978289707536 005 20021111084714.0 008 021111s1979 it |||||||||||||||||ita 035 $ab1208251x-39ule_inst 035 $aARCHE-017231$9ExL 040 $aDip.to Filologia Ling. e Lett.$bita$cA.t.i. Arché s.c.r.l. Pandora Sicilia s.r.l. 082 04$a326 100 1 $aBiondi, Carminella$0158719 245 10$aCes esclaves sont des hommes :$blotta abolizionista e letteratura negrofila nella Francia del Settecento /$cCarminella Biondi ; prefazione di Corrado Rosso 260 $aPisa :$bEditrice libreria goliardica,$c1979 300 $aIX, 314 p. ;$c25 cm 490 0 $aStudi e testi ;$v55 650 4$aSchiavitù$xAbolizione$xFrancia$ySec. 18. 650 4$aAbolizionismo 650 4$aLetteratura negrofila 907 $a.b1208251x$b28-04-17$c01-04-03 912 $a991000978289707536 945 $aLE008 FL.M. FR. XIV D 34$g1$i2008000312091$lle008$o-$pE0.00$q-$rl$s- $t0$u0$v0$w0$x0$y.i12381603$z01-04-03 996 $aCes esclaves sont des hommes$9138274 997 $aUNISALENTO 998 $ale008$b01-04-03$cm$da $e-$fita$git $h0$i1